01319nam a22003017a 4500003000400000005001700004008004100021040002200062082001800084100002500102245003000127260006000157300002100217366000800238490002800246505001200274505004500286505029700331505001200628650005500640650004700695650004800742650004300790650004500833650005600878650004700934700003600981OSt20230616102510.0221006b |||||||| |||| 00| 0 eng d cBiblioteca Lado V a709.05bG851a aGriffin, Timeeditor aArtforum/bInternacional/ aNew Yorkc2000bNew York editorial and business offices c26.5x27cma210p. eeng aSUMMERv2000x0864-1315 tLetters tCOLUMNSaBooks TV News Music Top Ten tFEATURESaX-Acto Science: Tom Friedman Interiority Complex: Gregor Schneider A Thousand Words: Kerry James Marshall Dutchman's Breaches Two Pops: Edward Ruscha and Wayne Thiebaud Towers of London: Louise Bourgeois Towards a Funner Laocoon: The New LA Sculpture Openings: Paul Pfeiffer  tREVIEWS 2Tesauro de Arte & ArquitecturaaARTE COMTEMPORANEO 2Tesauro de Arte & ArquitecturaaFOTOGRAFIA 2Tesauro de Arte & ArquitecturaaARTE VISUAL 2Tesauro de Arte & ArquitecturaaLIBROS 2Tesauro de Arte & ArquitecturaaNOTICIAS 2 Tesauro de Arte & ArquitecturaaARTE INTERNACIONAL 2 Tesauro de Arte & ArquitecturaaESCULTURA aNavarreta, Jose Antonioeeditor